Statistiken für Palau-Quiz

Klicken Sie hier um das Quiz zu spielen!

Allgemein

  • Dieses Quiz wurde 644 mal gespielt
  • Das Durchschnittsergebnis liegt bei 10 aus 14

Antwortstatistiken

FrageAntwort% Korrekt
AmtssprachenEnglisch
96%
Ozeanische Inselregion, zu welcher Palau gehört{Mikro}nesien
91%
Land, welches die Inseln 1914 beschlagnahmt und bis 1944 kontrollierteJapan
87%
Land, von welchem Palau 1994 unabhängig wurdeVereinigte Staaten
87%
Währung von PalauUS-Dollar
86%
Land, das Palau 1574–1898 kolonisierteSpanien
84%
Land, das die Inseln vom obigen Land abkaufte und bis 1914 kontrollierteDeutschland
77%
55% der Bevölkerung von Palau sind _____, weltweit den zweithöchsten Anteil (nach Nauru)Fettleibig
70%
AmtssprachenPalauisch
68%
Hauptstadt von PalauNgerulmud
62%
2009 eröffnete Palau das erste Schutzgebiet für diese MeerestiereHaie
60%
Ongeim'l Tketau enthält Millionen dieser Nesseltiere der Art Mastigias papua und wird darum auch unter diesem Namen bekannt{Quallen}see
58%
Bevölkerungsreichste InselKoror
29%
UNESCO-Welterbestätte, die aus 200 kleine bewaldete Inseln besteht{Rock} Islands
21%

Verteilung der Resultate

Perzentil nach korrekt beantworteten Fragen

Anzahl Personen mit jedem Resultat

Ihre Resultats-Entwicklung

Sie haben dieses Quiz noch nicht gespielt